Sistema de información de gestión académica y control arancelario del colegio Angloamericano

Presenta un sistema de información de gestión académica y control arancelario del colegio Angloamericano se realizó con el objetivo de agilizar los procesos actuales de gestión académica y arancelaria en el colegio para ser más competitivo en el mercado educativo. El sistema almacenará un r...

Full description

Bibliographic Details
Main Authors: Gutiérrez Avilés, Daniel Josué, Morales Alemán, Francisco Javier, Balladares Alvarado, Tania Esmilse
Other Authors: Tutor: Espinoza Aragón, Evelyn del Carmen
Format: Tesis Section = Libro
Language:Undetermined
Spanish
Published: Managua UNI 2018
Subjects:
LEADER 01542nam a2200289Ia 4500
008 240830s9999 xx 000 0 und d
040 |a BIBLIOTECA-RUPAP Mon 005.74 G984 
041 |a spa 
082 |a Mon 005.74 G984 
100 1 |a Gutiérrez Avilés, Daniel Josué 
100 1 |b  Morales Alemán, Francisco Javier 
100 1 |c  Balladares Alvarado, Tania Esmilse 
245 1 0 |a Sistema de información de gestión académica y control arancelario del colegio Angloamericano 
260 |a Managua  |b UNI  |c 2018 
300 |a 100 p. :il. 
500 |a Contiene anexos y CD. 
502 |a Tesis (Ingeniero de Sistemas)- UNI, 2018. 
520 3 |a Presenta un sistema de información de gestión académica y control arancelario del colegio Angloamericano se realizó con el objetivo de agilizar los procesos actuales de gestión académica y arancelaria en el colegio para ser más competitivo en el mercado educativo. El sistema almacenará un registro fiable de los estudiantes activos del colegio, generando reporte de notas y pagos de aranceles mediante el motor de base de datos MySQL y como lenguaje de presentación PHP, todo esto agilizará el proceso de inscripción de matrícula y tiempos de registro de pagos en el colegio. 
650 7 |a INFORMACION WEB 
650 7 |b BASES DE DATOS 
650 7 |c SISTEMAS DE INFORMACION WEB-DISEÑO 
650 7 |d REGISTRO DE MATRICULA 
650 7 |e PROGRAMACION 
700 1 |a Tutor:  |b Espinoza Aragón, Evelyn del Carmen 
942 |c BK  |2 ddc 
991 |a TESIS 
999 |c 15334